Roberston methods (Record no. 140970)

MARC details
000 -LEADER
campo de control de longitud fija 00743nam a2200205 i 4500
001 - NÚMERO DE CONTROL
campo de control 140970
003 - IDENTIFICADOR DE NÚMERO DE CONTROL
campo de control ES-MaACL
005 - FECHA Y HORA DE LA ÚLTIMA TRANSACCIÓN
campo de control 20230906200206.0
007 - CAMPO FIJO DE DESCRIPCIÓN FÍSICA--INFORMACIÓN GENERAL
campo de control de longitud fija t|
008 - DATOS DE LONGITUD FIJA--INFORMACIÓN GENERAL
campo de control de longitud fija 070918s1962 sp |||| | spa d
080 ## - NÚMERO DE LA CLASIFICACIÓN DECIMAL UNIVERSAL
Número de la Clasificación Decimal Universal (038)=111=134.2
100 1# - ENTRADA PRINCIPAL--NOMBRE DE PERSONA
Nombre de persona Roberston, Richard.
9 (RLIN) 97796
245 10 - MENCIÓN DEL TÍTULO
Título Roberston methods
Resto del título : do you want to speak spanish? : a simple practical method of speaking spanish by means of imitated pronunciation.
260 ## - PUBLICACIÓN, DISTRIBUCIÓN, ETC.
Lugar de publicación, distribución, etc. Barcelona :
Nombre del editor, distribuidor, etc. Ramón Sopena,
Fecha de publicación, distribución, etc. [1962]
300 ## - DESCRIPCIÓN FÍSICA
Extensión 279 p. ;
Dimensiones 16 cm.
594 ## - Nota al título y mención de responsabilidad
Nota al título y mención de responsabilidad Autor tomado del Catálogo de la Biblioteca Nacional.
650 #4 - PUNTO DE ACCESO ADICIONAL DE MATERIA--TÉRMINO DE MATERIA
Término de materia o nombre geográfico como elemento de entrada Lengua española-
Subdivisión de forma Métodos.
9 (RLIN) 142902
650 #4 - PUNTO DE ACCESO ADICIONAL DE MATERIA--TÉRMINO DE MATERIA
Término de materia o nombre geográfico como elemento de entrada Lengua española-
Subdivisión general Conversación y frases-
-- Inglés.
9 (RLIN) 143674
852 ## - LOCALIZACIÓN
Ubicación ES-MaACL
Número de control de estantería C-21075
Holdings
Estatus retirado Estado de pérdida Estado de daño No para préstamo Biblioteca de origen Biblioteca actual Ubicación en estantería Fecha de adquisición Fuente de adquisición Total de préstamos Signatura topográfica completa Código de barras Visto por última vez Precio de reemplazo Tipo de ítem Koha
        Biblioteca del Ateneo de Madrid Biblioteca del Ateneo de Madrid Galería 17/01/2008     C-21075 1146685 23/02/2023 23/02/2023 Libro impreso